Блокировки и ограничения в России - Армагеддон - Statistics

General Stats
  • This quiz has been taken 114 times
  • The average score is 4 of 15
Answers on the Grid
Answers color-coded by a green-red scale on the quiz's grid according to % correct below.
Wikipedia
Discord
Twitter
Pinterest
Steam
Facebook
Google
WhatsApp
PlayMarket
AliExpress
Telegram
Minecraft
YouTube
AppStore
SpeedTest
Instagram
VPN
Be My Eyes
Duolingo
Microsoft Store
Snapchat
Cloudflare
Zoom
Roblox
Facetime
Signal
RuTracker
Binance
Twitch
Viber
 
Answer Stats
Answer % Correct
Discord
73%
Twitter
55%
Facebook
52%
YouTube
45%
WhatsApp
43%
Instagram
39%
Roblox
23%
Viber
18%
RuTracker
9%
Snapchat
7%
Cloudflare
5%
Facetime
5%
Signal
5%
SpeedTest
5%
Be My Eyes
0%
No matching quizzes found
Score Distribution
Percent of People with Each Score
Percentile by Number Answered
Your Score History
You have not taken this quiz